Loading...
Principles of human biochemical genetics
| Main Author: | |
|---|---|
| Format: | Printed Book |
| Language: | Undetermined |
| Published: |
Amsterdam :
North-Holland Publishing Co.,
1975
|
| Edition: | 2 ed |
| Subjects: |
| LEADER | 00517nam a2200157Ia 4500 | ||
|---|---|---|---|
| 008 | 200122s9999||||xx |||||||||||||| ||und|| | ||
| 080 | |a 575.1 |b HAR-P2 | ||
| 100 | |a Harris, Harry | ||
| 245 | 0 | |a Principles of human biochemical genetics | |
| 250 | |a 2 ed | ||
| 260 | |a Amsterdam : |b North-Holland Publishing Co., |c 1975 | ||
| 300 | |a 473 p. | ||
| 650 | |a Genetics-- Biology | ||
| 942 | |c BK | ||
| 999 | |c 259777 |d 259777 | ||
| 952 | |0 0 |1 0 |4 0 |6 575_100000000000000_HARP2 |7 0 |9 275988 |a BCH |b BCH |l 0 |o 575.1 HAR-P2 |p BCH865 |r 2020-01-24 |w 2020-01-24 |y BK | ||